000 00545nam a2200181Ia 4500
003 IN-BaIIA
008 211028s9999 xx 000 0 eng d
020 _a0-471-94176-X
040 _cIIA Library
080 _a52-355
_bEME
100 _aEmerson, D
_921079
245 0 _aInterpreting astronomical spectra
_cD. Emerson
260 _aChichester
_bJohn Wiley & Sons
_c1996
300 _avii, 461p.
650 _aAstronomical spectroscopy
_91729
650 _aRadiative transfer
_91568
942 _cBK
999 _c12098
_d12098